[Event "Bosnjaci op 20th"]
[Site "Bosnjaci"]
[Date "2015.01.09"]
[Round "9"]
[White "Josic, Stevan"]
[Black "Novak, Ivo"]
[Result "0-1"]
[WhiteElo "1996"]
[BlackElo "1865"]
[PlyCount "58"]
[EventDate "2015.01.03"]
[EventType "swiss"]
[EventRounds "9"]
[EventCountry "CRO"]
[SourceTitle "CBM 164 Extra"]
[Source "ChessBase"]
[SourceDate "2015.03.02"]
[SourceVersion "1"]
[SourceVersionDate "2015.03.02"]
[SourceQuality "1"]

1. e4 c5 2. Nf3 Nc6 3. d4 cxd4 4. Nxd4 g6 5. Nc3 Bg7 6. Be3 Nf6 7. f3 0-0 8. Nb3 d6 9. Be2 Be6 10. 0-0 Rc8 11. h3 a6 12. f4 Na5 13. Nxa5 Qxa5 14. Bd4 Bc4 15. Re1 b5 16. a3 Rfe8 17. f5 e5 18. fxe6 Rxe6 19. Bxc4 Rxc4 20. e5 Nd7 21. b4 Qd8 22. Ne4 Rxd4 23. Qxd4 Bxe5 24. Qd3 Bxa1 25. Rxa1 Qe7 26. Ng3 Re3 27. Nf5 gxf5 28. Qxf5 Re1+ 29. Rxe1 Qxe1+ 0-1

[Event "Bosnjaci op 19th"]
[Site "Bosnjaci"]
[Date "2014.01.04"]
[Round "3"]
[White "Josic, Stevan"]
[Black "Stocko, Josip"]
[Result "0-1"]
[WhiteElo "2045"]
[BlackElo "2241"]
[PlyCount "78"]
[EventDate "2014.01.03"]
[EventType "swiss"]
[EventRounds "9"]
[EventCountry "CRO"]
[SourceTitle "CBM 158 Extra"]
[Source "ChessBase"]
[SourceDate "2014.02.28"]
[SourceVersion "1"]
[SourceVersionDate "2014.02.28"]
[SourceQuality "1"]

1. e4 c5 2. Nf3 d6 3. d4 cxd4 4. Nxd4 Nf6 5. Nc3 a6 6. Bc4 e6 7. Bb3 Nbd7 8. Be3 Nc5 9. f3 Be7 10. 0-0 0-0 11. Na4 Qc7 12. Nc3 b5 13. a3 Bb7 14. Nde2 Rfd8 15. Ng3 d5 16. exd5 Nxb3 17. cxb3 Bxd5 18. Qc2 Bd6 19. Bf2 Rac8 20. b4 h5 21. Rfe1 h4 22. Nf1 h3 23. Bh4 Be7 24. Bg3 Qb7 25. Ne3 hxg2 26. Nexd5 Nxd5 27. Kxg2 Bf6 28. Be5 Bxe5 29. Rxe5 Nf4+ 30. Kg3 Qb8 31. Re4 f5 32. Rxf4 g5 33. Qc1 Rc4 34. h4 Rxf4 35. Kg2 g4 36. Qe3 gxf3+ 37. Kh3 Kf7 38. Re1 Rxh4+ 39. Kxh4 Qh2+ 0-1

[Event "CRO-chT2 East"]
[Site "Osijek"]
[Date "2010.10.31"]
[Round "10.64"]
[White "Aleksic, Robert"]
[Black "Josic, Stevan"]
[Result "1/2-1/2"]
[WhiteElo "2217"]
[BlackElo "2116"]
[PlyCount "43"]
[EventDate "2010.04.17"]
[EventType "team-tourn"]
[EventRounds "11"]
[EventCountry "CRO"]
[SourceTitle "EXT 2012"]
[Source "ChessBase"]
[SourceDate "2011.11.24"]
[SourceVersion "1"]
[SourceVersionDate "2011.11.24"]
[SourceQuality "1"]

1. e4 e6 2. d4 d5 3. exd5 exd5 4. c4 c6 5. Nc3 Be6 6. cxd5 Bxd5 7. Nxd5 Qxd5 8. Nf3 Bb4+ 9. Bd2 Bxd2+ 10. Qxd2 Nf6 11. Bd3 0-0 12. 0-0 Nbd7 13. Rfd1 h6 14. b3 Rfe8 15. Rac1 Qh5 16. Bb1 Rad8 17. Re1 Qd5 18. Qf4 Rxe1+ 19. Rxe1 Re8 20. Rxe8+ Nxe8 21. h3 Qd6 22. Qe3 1/2-1/2

[Event "CRO-chT2 East"]
[Site "Osijek"]
[Date "2010.10.16"]
[Round "7.25"]
[White "Josic, Stevan"]
[Black "Stanic, Ivica"]
[Result "1/2-1/2"]
[WhiteElo "2116"]
[BlackElo "2007"]
[PlyCount "120"]
[EventDate "2010.04.17"]
[EventType "team-tourn"]
[EventRounds "11"]
[EventCountry "CRO"]
[SourceTitle "EXT 2012"]
[Source "ChessBase"]
[SourceDate "2011.11.24"]
[SourceVersion "1"]
[SourceVersionDate "2011.11.24"]
[SourceQuality "1"]

1. e4 c5 2. Nf3 e6 3. c4 Nc6 4. Nc3 a6 5. a3 h6 6. d4 cxd4 7. Nxd4 Bc5 8. Nxc6 bxc6 9. Be2 Qf6 10. 0-0 Bd4 11. Qd3 Rb8 12. Be3 Bxe3 13. fxe3 Qg6 14. b4 e5 15. Rad1 Qe6 16. Na4 Nf6 17. Nc5 Qe7 18. Nb3 0-0 19. c5 Qe6 20. Na5 Ra8 21. Nc4 a5 22. Nb6 Ba6 23. Qc2 Bxe2 24. Qxe2 Ra7 25. Rd6 Qg4 26. Qxg4 Nxg4 27. Rxd7 Rxd7 28. Nxd7 Rd8 29. h3 Nxe3 30. Rf3 Rxd7 31. Rxe3 axb4 32. axb4 Rd4 33. Rb3 Rxe4 34. b5 cxb5 35. Rxb5 Rc4 36. Kf2 Rc2+ 37. Kf3 Rc4 38. Ke3 Kf8 39. Kd3 Rd4+ 40. Ke3 Ke7 41. c6 Ke6 42. Rc5 Rd8 43. g4 Kd6 44. Rc1 Rc8 45. Ke4 f6 46. Kf5 Rxc6 47. Ra1 Rc7 48. Ra4 Kd5 49. Ra5+ Kd4 50. Ra4+ Kd3 51. Ra3+ Rc3 52. Ra7 e4 53. Rd7+ Ke3 54. Rxg7 Rc5+ 55. Kxf6 Kf2 56. h4 e3 57. g5 Rc6+ 58. Kf5 e2 59. Re7 hxg5 60. hxg5 Rc5+ 1/2-1/2

[Event "CRO-chT2 East"]
[Site "Osijek"]
[Date "2010.04.17"]
[Round "1.54"]
[White "Kalajzic, Ivan"]
[Black "Josic, Stevan"]
[Result "0-1"]
[WhiteElo "2184"]
[BlackElo "2116"]
[PlyCount "120"]
[EventDate "2010.04.17"]
[EventType "team-tourn"]
[EventRounds "11"]
[EventCountry "CRO"]
[SourceTitle "EXT 2012"]
[Source "ChessBase"]
[SourceDate "2011.11.24"]
[SourceVersion "1"]
[SourceVersionDate "2011.11.24"]
[SourceQuality "1"]

1. b3 Nf6 2. Bb2 e6 3. Nf3 d5 4. e3 c5 5. Ne5 a6 6. Be2 Nc6 7. Nxc6 bxc6 8. 0-0 Be7 9. Nc3 0-0 10. Na4 Nd7 11. f4 Bf6 12. Bxf6 Qxf6 13. Qc1 Qd8 14. Qb2 Qa5 15. Qc3 Qxc3 16. Nxc3 a5 17. Na4 Ba6 18. Bxa6 Rxa6 19. c4 d4 20. Rae1 g6 21. g4 Raa8 22. Kg2 Rfe8 23. Kg3 Kg7 24. h4 Rad8 25. g5 f5 26. e4 fxe4 27. Rxe4 Kf7 28. Rh1 Rh8 29. h5 Rde8 30. Nb2 h6 31. hxg6+ Kxg6 32. Nd3 hxg5 33. Rxh8 Rxh8 34. Rxe6+ Kf5 35. Rxc6 gxf4+ 36. Kg2 Rg8+ 37. Kf2 Rh8 38. Nxc5 Nxc5 39. Rxc5+ Ke4 40. Rg5 Rh2+ 41. Rg2 Rh5 42. a3 Rh3 43. c5 Rxb3 44. c6 Rb2 45. Ke1 Rb1+ 46. Kf2 Rc1 47. Rg5 Rxc6 48. Rxa5 Rc2 49. Ke1 Kd3 50. Rf5 Rc1+ 51. Kf2 Kxd2 52. Rxf4 d3 53. Rf8 Rc7 54. Rh8 Kc1 55. Rh1+ Kc2 56. Ra1 d2 57. Ra2+ Kc1 58. Ra1+ Kb2 59. Rh1 Kc2 60. Ke3 d1Q 0-1

[Event "CRO-chT3 East-B"]
[Site "Croatia"]
[Date "2005.04.03"]
[Round "3.1"]
[White "Sipic, Hrvoje"]
[Black "Josic, Stevan"]
[Result "1-0"]
[WhiteElo "2205"]
[BlackElo "2192"]
[PlyCount "97"]
[EventDate "2005.03.13"]
[EventType "team-tourn"]
[EventRounds "11"]
[EventCountry "CRO"]
[SourceTitle "EXT 2007"]
[Source "ChessBase"]
[SourceDate "2006.11.23"]
[SourceVersion "1"]
[SourceVersionDate "2006.11.23"]
[SourceQuality "1"]
[WhiteTeam "Stari Mikanovci"]
[BlackTeam "Komletinci"]
[WhiteTeamCountry "CRO"]
[BlackTeamCountry "CRO"]

1. e4 e6 2. d4 d5 3. Nd2 c5 4. Ngf3 Nc6 5. exd5 exd5 6. dxc5 Bxc5 7. Nb3 Bb6 8. Be2 Nge7 9. 0-0 0-0 10. Nfd4 Ng6 11. c3 Re8 12. f4 Qf6 13. Bf3 Nxd4 14. Nxd4 Bxd4+ 15. Qxd4 Qxd4+ 16. cxd4 Ne7 17. Bd2 Be6 18. g4 f5 19. h3 g6 20. Rfe1 Bf7 21. Kf2 Nc6 22. Bc3 Kg7 23. b4 a6 24. a4 Ne7 25. b5 a5 26. Re3 b6 27. Rae1 fxg4 28. hxg4 Ng8 29. Rxe8 Rxe8 30. Rxe8 Bxe8 31. Bxd5 Bd7 32. Bf3 Nf6 33. g5 Ng4+ 34. Ke2 Nh2 35. Be4 Bg4+ 36. Ke1 Kf7 37. d5 Ke7 38. Kf2 Bd1 39. Be5 Ng4+ 40. Kg3 Nxe5 41. fxe5 Bxa4 42. d6+ Kd8 43. e6 Bxb5 44. Kf4 a4 45. Ke5 a3 46. Bd5 Ke8 47. Kf6 Ba4 48. Kg7 Bd7 49. e7 1-0

[Event "Vinkovci op"]
[Site "Vinkovci"]
[Date "2005.03.08"]
[Round "2"]
[White "Cebalo, Miso"]
[Black "Josic, Stevan"]
[Result "1-0"]
[WhiteElo "2519"]
[BlackElo "2192"]
[PlyCount "47"]
[EventDate "2005.03.07"]
[EventType "swiss"]
[EventRounds "7"]
[EventCountry "CRO"]
[SourceTitle "EXT 2006"]
[Source "ChessBase"]
[SourceDate "2005.11.24"]
[SourceVersion "1"]
[SourceVersionDate "2005.11.24"]
[SourceQuality "1"]

1. d4 Nf6 2. c4 e6 3. Nc3 Bb4 4. f3 c5 5. d5 exd5 6. cxd5 Bxc3+ 7. bxc3 d6 8. e4 0-0 9. Ne2 Nbd7 10. Ng3 Re8 11. Be2 a6 12. a4 Qa5 13. Ra3 Ne5 14. 0-0 c4 15. Be3 b5 16. Bd4 Bd7 17. f4 Ng6 18. Bxf6 gxf6 19. Nh5 Qb6+ 20. Kh1 Re7 21. f5 Ne5 22. Qd2 Kf8 23. Nxf6 Ree8 24. Qg5 1-0

[Event "Bosnjaci op 7th"]
[Site "Bosnjaci"]
[Date "2001.01.04"]
[Round "2"]
[White "Kutuzovic, Branko"]
[Black "Josic, Stevan"]
[Result "1/2-1/2"]
[WhiteElo "2441"]
[BlackElo "2135"]
[PlyCount "39"]
[EventDate "2001.01.03"]
[EventType "swiss"]
[EventRounds "7"]
[EventCountry "CRO"]
[SourceTitle "CBM 080 Extra"]
[Source "ChessBase"]
[SourceDate "2001.03.08"]
[SourceVersion "1"]
[SourceVersionDate "2001.03.08"]
[SourceQuality "1"]

1. e4 e6 2. d4 d5 3. Nd2 c5 4. exd5 exd5 5. Bb5+ Bd7 6. Qe2+ Be7 7. dxc5 Nf6 8. Nb3 0-0 9. Be3 Qc7 10. Nf3 a5 11. a4 Na6 12. c6 Bxc6 13. Nfd4 Nc5 14. Nd2 Rfe8 15. 0-0 Bd6 16. g3 Qd7 17. Qf3 Nce4 18. N2b3 Be5 19. c3 Nd6 20. Nc5 1/2-1/2